Statistics for Thor

Click here to take the quiz!

General Stats

  • This quiz has been taken 32 times
  • The average score is 6 of 10

Answer Stats

HintAnswer% Correct
Who is Thor's brotherLoki
100%
Who is Thor's fatherOdin
96%
Who is the guard of the rainbow bridgeHeimdall
79%
Who is Thor's girlfriendJane Foster
75%
What is used to travel to the nine realmsBifrost
58%
What other avenger was in the movieHawkeye
58%
Waht did Loki use to try to kill ThorDestroyer
25%
Volstagg
25%
Fandral
21%
Warrior 3Hogun
21%

Score Distribution

Percentile by Number Answered

Percent of People with Each Score

Your Score History

You have not taken this quiz